| 000 | 00473nam a22001697a 4500 | ||
|---|---|---|---|
| 005 | 20170505094736.0 | ||
| 008 | 170505b xxu||||| |||| 00| 0 eng d | ||
| 020 | _a1565640381 | ||
| 040 | _cPK-LaUMT | ||
| 082 |
_aZIAC 297.016 _bMUH-Q |
||
| 100 | _aمحیی الدین عطیۃ | ||
| 245 |
_aقاءمۃ مختارۃ/ _cمحیی الدین عطیۃ |
||
| 260 |
_aبیروت: _bالمعھد العالمی، _c1992 |
||
| 300 | _a111 ص | ||
| 546 | _aعربی | ||
| 942 | _cBK | ||
| 999 |
_c93189 _d93189 |
||